[Event "FRA-ch du Nord"]
[Site "France"]
[Date "2003.04.13"]
[Round "2"]
[White "Gambee, Kevin"]
[Black "Ratsavong, Moukda"]
[Result "1-0"]
[WhiteElo "2128"]
[BlackElo "1860"]
[PlyCount "75"]
[EventDate "2003.04.12"]
[EventType "swiss"]
[EventRounds "7"]
[EventCountry "FRA"]
[SourceTitle "EXT 2008"]
[Source "ChessBase"]
[SourceDate "2007.11.25"]
[SourceVersion "1"]
[SourceVersionDate "2007.11.25"]
[SourceQuality "1"]

1. e4 c5 2. Nc3 Nc6 3. g3 g6 4. Bg2 Bg7 5. d3 e6 6. f4 Nge7 7. Nf3 b5 8. Nxb5 Qa5+ 9. Nc3 Bxc3+ 10. bxc3 Qxc3+ 11. Bd2 Qg7 12. e5 0-0 13. 0-0 f5 14. exf6 Qxf6 15. Ne5 d5 16. Bc3 Nxe5 17. Bxe5 Qf7 18. Bd6 Rd8 19. Bxc5 Nf5 20. Rb1 Ba6 21. Re1 Rac8 22. d4 Rc6 23. Bh3 Ng7 24. Rb4 Bc4 25. Qb1 h5 26. Rb7 Rd7 27. Rb8+ Ne8 28. c3 Kg7 29. Re5 Ra6 30. a3 Rc6 31. Qe1 Kf6 32. Rg5 Kg7 33. f5 e5 34. Qxe5+ Kh6 35. fxg6 Qf3 36. Rxe8 Qd1+ 37. Qe1 Qxe1+ 38. Rxe1 1-0